000 01382nam a2200349 i 4500
001 8616
003 KOSZ 005
005 20200630132818.0
008 070708s1970 pl a f 000 0 pol
015 _aPB 1970/5669
040 _aWA N
_cKOSZ 005/ID
_dKOSZ 005/ID
041 0 _apol
_bger
_brus
080 _a556.5(438)
100 1 _aDuda, Longin
_d(1922-1998).
_eAutor
245 1 0 _aRetencja jeziorna jeziora Miedwie w latach 1902/03-1939/40 /
_cLongin Duda, Konrad Duklas.
260 _aSzczecin :
_bPaństwowe Wydawnictwo Naukowe,
_c1970.
300 _a30, [2] s. :
_bil. ;
_c24 cm.
380 _aKsiążki.
490 1 _aSzczecińskie Towarzystwo Naukowe. Wydział Nauk Matematycznych i Technicznych ;
_vt. 8 z. 1.
504 _aBibliogr. s. [28].
546 _aStreszcz. niem., ros.
580 _aDOKUMENT W ZBIORZE CZASOPISM zob.: TYTUŁ SERII.
650 4 _aRetencja (hydrologia)
650 4 _aPłonia (dorzecze)
_xhydrografia.
651 4 _aMiedwie
_xhydrografia.
651 4 _aPolska
700 1 _aDuklas, Konrad.
_eAutor
710 2 _aPaństwowe Wydawnictwo Naukowe
_4pbl.
830 0 _aSzczecińskie Towarzystwo Naukowe. Wydział Nauk Matematycznych i Technicznych ;
_vt. 8 z. 1.
856 _uhttp://koha.tu.koszalin.pl/cgi-bin/koha/opac-detail.pl?biblionumber=8616
_yKatalog online BPK
942 _2UKD
_cKS
999 _c8616
_d8616